|
|
|
|
| LEADER |
00000caa a22000002c 4500 |
| 001 |
1640186697 |
| 003 |
DE-627 |
| 005 |
20220608131328.0 |
| 007 |
tu |
| 008 |
160223s1992 xx ||||| 00| ||ger c |
| 035 |
|
|
|a (DE-627)1640186697
|
| 035 |
|
|
|a (DE-576)456077030
|
| 035 |
|
|
|a (DE-599)BSZ456077030
|
| 040 |
|
|
|a DE-627
|b ger
|c DE-627
|e rakwb
|
| 041 |
|
|
|a ger
|
| 100 |
1 |
|
|a Schiffer, Eckart
|4 aut
|
| 245 |
1 |
0 |
|a Wie stellt sich Europa zur Einwanderung?
|c Eckart Schiffer
|
| 264 |
|
1 |
|c 1992
|
| 336 |
|
|
|a Text
|b txt
|2 rdacontent
|
| 337 |
|
|
|a ohne Hilfsmittel zu benutzen
|b n
|2 rdamedia
|
| 338 |
|
|
|a Band
|b nc
|2 rdacarrier
|
| 773 |
0 |
8 |
|i In
|t Zeitschrift für Ausländerrecht und Ausländerpolitik
|d Baden-Baden : Nomos-Verl.-Ges., 1981
|g (1992), 3, Seite 107-111
|w (DE-627)129098833
|w (DE-600)8428-1
|w (DE-576)014435713
|x 0721-5746
|7 nnas
|
| 773 |
1 |
8 |
|g year:1992
|g number:3
|g pages:107-111
|
| 935 |
|
|
|a mkri
|
| 951 |
|
|
|a AR
|
| ELC |
|
|
|b 1
|
| LOK |
|
|
|0 000 xxxxxcx a22 zn 4500
|
| LOK |
|
|
|0 001 3301601480
|
| LOK |
|
|
|0 003 DE-627
|
| LOK |
|
|
|0 004 1640186697
|
| LOK |
|
|
|0 005 20160223101323
|
| LOK |
|
|
|0 008 160208||||||||||||||||ger|||||||
|
| LOK |
|
|
|0 040
|a DE-21-110
|c DE-627
|d DE-21-110
|
| LOK |
|
|
|0 689
|a s
|a Ausländerpolitik
|
| LOK |
|
|
|0 852
|z Kein Bestand am IfK; Nachweis für KrimDok
|
| LOK |
|
|
|0 852
|a DE-21-110
|
| LOK |
|
|
|0 852 1
|m v
|9 00
|
| LOK |
|
|
|0 935
|a k110
|
| LOK |
|
|
|0 938
|k v
|
| LOK |
|
|
|0 939
|a 08-02-16
|b l01
|
| ORI |
|
|
|a SA-MARC-krimdoka001.raw
|